[Event "Udaipur Pandiyar op 8th"]
[Site "Udaipur"]
[Date "2023.10.15"]
[Round "1"]
[White "Gopichand, K."]
[Black "Tiwari, Arjun"]
[Result "0-1"]
[WhiteElo "1234"]
[BlackElo "2034"]
[PlyCount "116"]
[EventDate "2023.10.15"]
[EventType "swiss"]
[EventRounds "9"]
[EventCountry "IND"]
[SourceTitle "CBM 216 Extra"]
[Source "ChessBase"]
[SourceDate "2023.11.30"]
[SourceVersion "1"]
[SourceVersionDate "2023.11.30"]
[SourceQuality "1"]

1. d4 Nf6 2. c4 g6 3. Nc3 Bg7 4. e4 d6 5. Nf3 0-0 6. Bd3 e5 7. dxe5 dxe5 8. 0-0 Nbd7 9. Bg5 c6 10. Bc2 h6 11. Bh4 Re8 12. Qd2 Qe7 13. Rad1 Nb6 14. b3 Bg4 15. Qe3 g5 16. Bg3 Nbd7 17. h3 Bh5 18. Ne2 Qc5 19. Qxc5 Nxc5 20. Nc3 Bxf3 21. gxf3 a5 22. Kg2 Nfd7 23. h4 Nf8 24. hxg5 hxg5 25. a3 Nce6 26. Ne2 Ng6 27. Rd7 Reb8 28. Rfd1 Bf8 29. a4 Bb4 30. Rh1 Rd8 31. Rhd1 Rxd7 32. Rxd7 Nc5 33. Rd1 Kg7 34. Nc1 Bc3 35. Ne2 Bb2 36. Rb1 Ba3 37. Rd1 Kf6 38. Rd6+ Ke7 39. Rd1 Ne6 40. Rd3 Rh8 41. Rd1 Bb2 42. Rb1 Ba3 43. Rh1 Rxh1 44. Kxh1 Bb2 45. Kg2 Nef4+ 46. Bxf4 exf4 47. Kf1 Ne5 48. Ng1 Kd6 49. Ke2 Kc5 50. Kd2 Bd4 51. Ke2 Kb4 52. Nh3 f6 53. Ng1 Kc3 54. Bd1 Nd3 55. Kf1 Kd2 56. Be2 Bxf2 57. Bxd3 Bxg1 58. Be2 Bc5 0-1